Almost Useless Food Trivia Quiz Stats

 Plays Quiz Updated Nov 4, 2018

Score 0/30 Timer 05:00
17 Plays Today
Question Answer % Correct
Frosted Flakes cereal uses what animal species as mascot?Tiger
92.7%
Coleslaw & sauerkraut are made from what vegetable?Cabbage
91.8%
Foie gras is made from which organ of a duck or goose?Liver
89.5%
'Gimme a break' was a tagline for what popular candy bar?Kit Kat
89.1%
In what country did Feta cheese originate?Greece
87.3%
A prune is a dried form of what stone fruit?Plum
87.2%
Arborio and basmati are varieties of what staple food?Rice
83.5%
'Hibachi' means 'brazier' or 'fire pot' in what language?Japanese
83.1%
Which US state is nicknamed 'The Peach State'?Georgia
79.4%
Hummus is traditionally made from what variety of legume?Chickpeas
79.2%
What 2007 Pixar film is named for a type of stew?Ratatouille
78.6%
What variety of bean is also a South American capital city?Lima
77%
What fast food chain was founded in 1969 by Dave Thomas?Wendy's
73.5%
What is the name for white rendered pig fat used in cooking?Lard
73.5%
Squishee & Duff are fictional beverages from which TV show?The Simpsons
73.4%
Question Answer % Correct
What protein-rich vegan food is also known as bean curd?Tofu
73%
According to its slogan, what brand is 'Australian for Beer'?Foster's
69.5%
What cocktail is made from vodka and orange juice?Screwdriver
67.8%
What liquor is traditionally made from the blue agave plant?Tequila
64.2%
Absolut vodka is produced in Ă…hus, in what country?Sweden
64%
Apart from pork & ham, name any ingredient in Spam.Salt
59.2%
By what name is the eggplant known in British English?Aubergine
59%
Farfalle pasta gets its name from the Italian for what insect?Butterfly
56.3%
Who was the Greek god of wine (or his Roman counterpart)?Dionysus
54.4%
What fish is normally an ingredient in Worcestershire Sauce?Anchovy
51%
Who hosted The French Chef from 1963-1974?Julia Child
49.9%
Albumen is a word that refers to what edible substance?Egg white
41.9%
What was The Dude's preferred cocktail in The Big Lebowski?White Russian
38.3%
In the name 'RC Cola', what does the RC stand for?Royal Crown
38%
What scale is used to measure the spiciness of chili peppers?Scoville
37.5%

You're not logged in!

Compare scores with friends on all Sporcle quizzes.
OR
Log In

Sporcle TV

Today on Sporcle TV


Watch our educational content, quiz creation guides, and fun videos on Sporcle TV.

Show Comments

Extras

Top Quizzes Today


Score Distribution

Your Account Isn't Verified!

In order to create a playlist on Sporcle, you need to verify the email address you used during registration. Go to your Sporcle Settings to finish the process.

Report this User

Report this user for behavior that violates our Community Guidelines.

Details: